00741cam a2200217 a 450000100100000000500170001000800410002702000150006804000250008308200180010810000450012624500550017126000350022630000210026149000240028265000310030665000190033783000310035695201210038799900150050800000342320200929150434.0920410s1987 sp 001 j spa d a8485910443 aDO-SdBNPbspacBNPHU a860.62bR696v1 aRodríguez Chaves, Joséd1936-91067210aVencedora del tiempo /cJosé Rodríguez Chaves. aBarcelona :bAmarantos,c1987. a105 p. ;c20 cm.1 aNarrativa poética 4aLiteratura española9632 4aCuentos910673 0aNarrativa poética910674 001052708MOaGRbGRcCTd2009-07-08iLF1l0o860.62 R696vp3423-10r2020-06-25w2020-06-25y2ZPréstamo interno c3253d3253